[Event "Stockerau-Open 2010 C-Turnier"]
[Site "Veranstaltungszentrum Z2000 -"]
[Date "2010.05.13"]
[Round "1"]
[White "Sauer, Thomas"]
[Black "Gockner, Hans"]
[Result "1/2-1/2"]
[WhiteElo "1403"]
[BlackElo "1582"]
[PlyCount "91"]
[EventDate "2010.05.13"]

1. e4 c6 2. d4 d5 3. exd5 cxd5 4. Nf3 Nf6 5. c4 e6 6. Bg5 h6 7. Bh4 Be7 8. Be2
O-O 9. O-O Nbd7 10. Nc3 b6 11. Re1 Nh7 12. Bg3 Bb7 13. a3 Ng5 14. Bf4 Nxf3+ 15.
Bxf3 Bg5 16. Be3 Bxe3 17. Rxe3 Nf6 18. cxd5 Nxd5 19. Nxd5 Bxd5 20. Bxd5 Qxd5
21. Rd3 Rac8 22. Rc3 Rcd8 23. Rd3 Rd7 24. g3 Rfd8 25. b4 Qb7 26. Qf3 Qc7 27.
Rc3 Qd6 28. Rd1 Qe7 29. Rcd3 e5 30. dxe5 {remis} Rxd3 31. Rxd3 Rxd3 32. Qxd3
Qxe5 33. Kg2 Qe7 34. Qf3 g6 35. Qe3 Qf8 36. h4 h5 37. f4 Qc8 38. Qd3 Qc6+ 39.
Qf3 Qc2+ 40. Kh3 Qc1 41. Kg2 Qb2+ 42. Kh3 Kg7 43. Qe3 Qb1 44. Kg2 Qa2+ 45. Kf3
Qd5+ 46. Kf2 1/2-1/2

[Event "Stockerau-Open 2010 C-Turnier"]
[Site "Veranstaltungszentrum Z2000 -"]
[Date "2010.05.13"]
[Round "1"]
[White "Infuehr, Jakob"]
[Black "Weiss, Arnold"]
[Result "1-0"]
[WhiteElo "1567"]
[BlackElo "1396"]
[PlyCount "63"]
[EventDate "2010.05.13"]

1. e4 e5 2. Nf3 Nc6 3. Bc4 Bc5 4. O-O Nf6 5. Re1 O-O 6. c3 Re8 7. d3 d6 8. h3
Na5 9. Bb3 Nxb3 10. Qxb3 Bb6 11. Be3 Bxe3 12. Rxe3 Be6 13. Qc2 Nh5 14. d4 f6
15. Nbd2 Kh8 16. d5 Bd7 17. c4 Nf4 18. Ne1 h5 19. Nd3 g5 20. Nxf4 gxf4 21. Rc3
Rg8 22. Kh2 b6 23. b4 Qe7 24. c5 bxc5 25. bxc5 Rac8 26. Rc1 h4 27. c6 Bxh3 28.
Rxh3 Rg6 29. Rxh4+ Kg8 30. Qb3 Qg7 31. Qh3 Kf7 32. Qe6+ 1-0

[Event "Stockerau-Open 2010 C-Turnier"]
[Site "Veranstaltungszentrum Z2000 -"]
[Date "2010.05.13"]
[Round "1"]
[White "Nutz, Helmut"]
[Black "Schmied, Kurt"]
[Result "0-1"]
[WhiteElo "1393"]
[BlackElo "1548"]
[PlyCount "53"]
[EventDate "2010.05.13"]

1. d4 Nf6 2. Nf3 b6 3. e3 Bb7 4. Bd3 d5 5. Nbd2 e6 6. O-O Bd6 7. b3 Nbd7 8. Bb2
c5 9. Re1 Qc7 10. dxc5 bxc5 11. Bb5 O-O 12. Bxd7 Nxd7 13. Rc1 e5 14. Nf1 Nf6
15. h3 Rfe8 16. c4 d4 17. exd4 exd4 18. Rc2 Qb6 19. Rce2 Rxe2 20. Rxe2 Nh5 21.
Bc1 Qd8 22. Qd3 Bf4 23. Bxf4 Nxf4 24. Qd2 Bxf3 25. Qxf4 Bxe2 26. Ng3 d3 27. Qd2
0-1

[Event "Stockerau-Open 2010 C-Turnier"]
[Site "Veranstaltungszentrum Z2000 -"]
[Date "2010.05.13"]
[Round "1"]
[White "De, Leon Angelica"]
[Black "Molnar, Bertalan"]
[Result "1-0"]
[WhiteElo "1536"]
[BlackElo "1353"]
[PlyCount "47"]
[EventDate "2010.05.13"]

1. e4 d6 2. d4 g6 3. Nf3 Bg7 4. Nc3 a6 5. Be3 b5 6. a3 Bb7 7. Bd3 Nd7 8. Qd2
Ngf6 9. b4 Nb6 10. Bh6 O-O 11. Bxg7 Kxg7 12. O-O Nc4 13. Bxc4 bxc4 14. d5 c6
15. dxc6 Bxc6 16. Qd4 Rc8 17. Rfe1 Bb5 18. Rad1 Kg8 19. e5 dxe5 20. Qxe5 Ng4
21. Rxd8 Nxe5 22. Rxf8+ Kxf8 23. Nxe5 Rd8 24. Rd1 1-0

[Event "Stockerau-Open 2010 C-Turnier"]
[Site "Veranstaltungszentrum Z2000 -"]
[Date "2010.05.13"]
[Round "1"]
[White "Schlager, Florian"]
[Black "Kuntner, Rudolf"]
[Result "0-1"]
[WhiteElo "1314"]
[BlackElo "1528"]
[PlyCount "84"]
[EventDate "2010.05.13"]

1. e4 c5 2. Nf3 d6 3. d3 e6 4. Be3 Nc6 5. d4 cxd4 6. Nxd4 Nf6 7. Nf3 a6 8. Nc3
Be7 9. e5 dxe5 10. Qxd8+ Bxd8 11. O-O-O O-O 12. h3 Be7 13. a3 b5 14. a4 b4 15.
Na2 Bb7 16. Be2 Rac8 17. g4 Nd4 18. Bd3 b3 19. Bxd4 bxa2 20. Kd2 Rfd8 21. Ke2
Ne4 22. Bxe4 Bxe4 23. Bxe5 Rxc2+ 24. Ke3 Bxf3 25. Kxf3 f6 26. Bc3 Kf7 27. Rhf1
g6 28. Ke3 Bc5+ 29. Bd4 Bxd4+ 30. Rxd4 Rxd4 31. Kxd4 Rxb2 32. Ra1 Rxf2 33. Kc5
e5 34. Kb6 e4 35. Kxa6 Rb2 36. a5 f5 37. Ka7 f4 38. a6 e3 39. Ka8 e2 40. a7 Rb1
41. h4 e1=Q 42. h5 Qe8# 0-1

[Event "Stockerau-Open 2010 C-Turnier"]
[Site "Veranstaltungszentrum Z2000 -"]
[Date "2010.05.13"]
[Round "1"]
[White "Girnt, Karoly"]
[Black "Blauensteiner, Christian"]
[Result "1-0"]
[WhiteElo "1515"]
[BlackElo "1310"]
[PlyCount "111"]
[EventDate "2010.05.13"]

1. e4 e5 2. Nf3 Nc6 3. Bc4 Bc5 4. O-O d6 5. c3 Qf6 6. h3 Be6 7. Bxe6 Qxe6 8. d4
exd4 9. cxd4 Nxd4 10. Nxd4 Qc4 11. Be3 O-O-O 12. Nf5 d5 13. Qg4 Nf6 14. Qxg7
Nxe4 15. Bxc5 Qxc5 16. Nc3 d4 17. Nxe4 Qxf5 18. Qg4 Qxg4 19. hxg4 h5 20. gxh5
f5 21. Nc5 Rxh5 22. Rad1 f4 23. Ne6 Rd7 24. Nxf4 Rf5 25. g3 b6 26. Kg2 c5 27.
Rh1 Rg7 28. Kf3 Kb7 29. b3 a5 30. Ke4 Rfg5 31. Kd3 Rf7 32. Kc4 Ka6 33. Rh6 Rb7
34. Re1 Ka7 35. a4 Ka6 36. Ne6 Rf5 37. g4 Rxf2 38. Nxc5+ Ka7 39. Nxb7 Kxb7 40.
Kb5 Rf7 41. Rxb6+ Ka7 42. Ra6+ Kb7 43. Ree6 Rc7 44. Red6 d3 45. Rxd3 Kc8 46.
Ra8+ Kb7 47. Rdd8 Rg7 48. Rdb8+ Kc7 49. Ra7+ Kd6 50. Rxg7 Ke6 51. Rg5 Kf6 52.
Rc5 Ke6 53. Rb6+ Kd7 54. Rh5 Kc7 55. Rh7+ Kc8 56. Rg6 1-0

[Event "Stockerau-Open 2010 C-Turnier"]
[Site "Veranstaltungszentrum Z2000 -"]
[Date "2010.05.13"]
[Round "1"]
[White "Gruberbauer, Richard"]
[Black "Hetfleis, Enrico"]
[Result "1/2-1/2"]
[WhiteElo "1301"]
[BlackElo "1512"]
[PlyCount "64"]
[EventDate "2010.05.13"]

1. e4 c6 2. d4 d5 3. exd5 cxd5 4. c4 Nf6 5. Nc3 Nc6 6. Nf3 e6 7. a3 Be7 8. Bf4
a6 9. c5 O-O 10. Bd3 b6 11. b4 bxc5 12. bxc5 Qa5 13. Bd2 Qc7 14. Qe2 Re8 15. g3
Bf8 16. Bf4 Qa5 17. Rc1 Qxa3 18. O-O Nb4 19. Be5 Be7 20. Rfe1 Qa5 21. Ra1 Qd8
22. Nb5 Nxd3 23. Qxd3 Ne4 24. Rxe4 dxe4 25. Qxe4 Qd5 26. Qxd5 exd5 27. Nc7 Bd7
28. Nxe8 Bxe8 29. Bc7 f6 30. h4 Kf7 31. Nd2 Bb5 32. Nb3 Re8 1/2-1/2

[Event "Stockerau-Open 2010 C-Turnier"]
[Site "Veranstaltungszentrum Z2000 -"]
[Date "2010.05.13"]
[Round "1"]
[White "Krueckel, Franz"]
[Black "Reiter, Theresia"]
[Result "0-1"]
[WhiteElo "1505"]
[BlackElo "1264"]
[PlyCount "66"]
[EventDate "2010.05.13"]

1. d4 e6 2. c4 Nf6 3. Nc3 Bb4 4. Bd2 O-O 5. e4 Bxc3 6. Bxc3 Nxe4 7. Bd3 Nxc3 8.
bxc3 Qe7 9. Ne2 d6 10. O-O Nd7 11. f4 Nf6 12. Rf3 b6 13. a4 Bb7 14. Re3 a5 15.
Rb1 Ng4 16. Rh3 f5 17. Qe1 Rf6 18. Qh4 Nh6 19. Qg5 Qf7 20. Rg3 Rf8 21. c5 dxc5
22. dxc5 Be4 23. Bxe4 fxe4 24. cxb6 Nf5 25. b7 Rb8 26. Rh3 h6 27. Qh5 c5 28. g4
g6 29. g5 gxh5 30. gxf6 Qxf6 31. Kh1 h4 32. Rb5 Qd8 33. Kg2 Qd2 0-1

[Event "Stockerau-Open 2010 C-Turnier"]
[Site "Veranstaltungszentrum Z2000 -"]
[Date "2010.05.13"]
[Round "1"]
[White "Schlager, Friedrich"]
[Black "Strassmair, Christian"]
[Result "0-1"]
[WhiteElo "1200"]
[BlackElo "1501"]
[PlyCount "80"]
[EventDate "2010.05.13"]

1. e4 c5 2. Nc3 Nc6 3. a3 g6 4. Bc4 Bg7 5. Nf3 d6 6. h3 a6 7. d3 Nf6 8. Ng5 b5
9. Nxf7 Qc7 10. Nxh8 bxc4 11. Nd5 Nxd5 12. exd5 Ne5 13. Nxg6 hxg6 14. O-O cxd3
15. f4 dxc2 16. Qxc2 Bf5 17. Qa4+ Nd7 18. Bd2 Bxb2 19. Rae1 Kf7 20. Re2 Bd4+
21. Kh1 Bd3 22. Qd1 Nf6 23. Qe1 Bxe2 24. Qxe2 Nxd5 25. f5 Nf6 26. Qf3 Rg8 27.
Qe2 Qc8 28. Bg5 gxf5 29. Bxf6 Kxf6 30. g4 e6 31. h4 Rh8 32. h5 Be5 33. Qf2 Qc6+
34. Kg1 Bd4 35. g5+ Kxg5 36. Qxd4 cxd4 37. Kf2 Rxh5 38. Rg1+ Kf4 39. a4 Rh2+
40. Kf1 Qc1# 0-1

[Event "Stockerau-Open 2010 C-Turnier"]
[Site "Veranstaltungszentrum Z2000 -"]
[Date "2010.05.13"]
[Round "1"]
[White "Schmied, Josef"]
[Black "Van, Baaren Matthias"]
[Result "1-0"]
[WhiteElo "1495"]
[BlackElo "1200"]
[PlyCount "101"]
[EventDate "2010.05.13"]

1. d4 d5 2. e3 Nf6 3. Nf3 Bf5 4. Bd3 Bg4 5. h3 Bxf3 6. Qxf3 e6 7. a3 c6 8. Nd2
Nbd7 9. Qe2 a6 10. b3 Qc7 11. Nf3 Be7 12. O-O Bd6 13. c4 e5 14. c5 Be7 15. dxe5
Nxe5 16. Nxe5 Qxe5 17. Bb2 Qc7 18. b4 a5 19. Bd4 O-O 20. Qf3 Qd7 21. Bf5 Qe8
22. Bc2 Bd8 23. Qf5 g6 24. Qf3 Qe7 25. Rfe1 Re8 26. Qf4 Ra6 27. Bd3 Ra8 28. b5
a4 29. b6 Ra5 30. Rec1 Ne4 31. Bxe4 Qxe4 32. Qxe4 Rxe4 33. f3 Re6 34. g3 Rb5
35. Rab1 Rb3 36. Rxb3 axb3 37. Rb1 b2 38. Rxb2 Bf6 39. Kf2 h5 40. Rb4 g5 41.
Ra4 Bg7 42. Ra8+ Kh7 43. Rc8 Kg6 44. Rc7 g4 45. hxg4 Bxd4 46. exd4 hxg4 47.
fxg4 Kf6 48. Rxb7 Re7 49. Rxe7 Kxe7 50. Kf3 Kd8 51. Kf4 1-0

[Event "Stockerau-Open 2010 C-Turnier"]
[Site "Veranstaltungszentrum Z2000 -"]
[Date "2010.05.13"]
[Round "2"]
[White "Grabenweger, Wolfgang"]
[Black "Infuehr, Jakob"]
[Result "0-1"]
[WhiteElo "1506"]
[BlackElo "1567"]
[PlyCount "65"]
[EventDate "2010.05.13"]

1. e4 e5 2. Nf3 Nf6 3. Nc3 Nc6 4. Bb5 a6 5. Ba4 Be7 6. Bxc6 dxc6 7. d3 Bd6 8.
Bg5 O-O 9. h3 Re8 10. O-O Re6 11. Ne2 Be7 12. Ng3 h6 13. Be3 Nh7 14. Nf5 Rf6
15. Ng3 Re6 16. Nh2 Bg5 17. f4 exf4 18. Bxf4 Bxf4 19. Rxf4 Qd4+ 20. Kh1 Qxb2
21. Qf1 Rf6 22. Rxf6 Nxf6 23. Re1 Qxc2 24. e5 Nd5 25. Qf3 Qxa2 26. Ne4 Be6 27.
Ng4 Bxg4 28. Qxg4 Qa3 29. e6 Qe7 30. Rf1 Qxe6 31. Rf5 Ne3 32. Nf6+ Qxf6 33.
Rxf6 0-1

[Event "Stockerau-Open 2010 C-Turnier"]
[Site "Veranstaltungszentrum Z2000 -"]
[Date "2010.05.13"]
[Round "2"]
[White "Kuntner, Rudolf"]
[Black "Engelke, Tobias"]
[Result "0-1"]
[WhiteElo "1528"]
[BlackElo "1446"]
[PlyCount "84"]
[EventDate "2010.05.13"]

1. d4 d5 2. Nf3 Nf6 3. Bg5 e6 4. e3 Nbd7 5. Bd3 Be7 6. O-O O-O 7. c4 dxc4 8.
Bxc4 c5 9. Nc3 a6 10. a4 b6 11. d5 exd5 12. Bxf6 Nxf6 13. Nxd5 Bb7 14. Nxf6+
Bxf6 15. Qe2 Qe8 16. Rad1 Qxa4 17. b3 Qc6 18. Bd5 Qc7 19. Bxb7 Qxb7 20. Qc4
Rfd8 21. Nd2 Be7 22. Qg4 Rd6 23. f4 Rad8 24. Nc4 Rd3 25. f5 Bf6 26. e4 R3d4 27.
Rxd4 Rxd4 28. Re1 b5 29. Na3 Be5 30. h4 Rd3 31. Nc2 Rxb3 32. Rd1 Qc7 33. h5 h6
34. Ne1 c4 35. Nf3 Rd3 36. Nxe5 Rxd1+ 37. Qxd1 Qxe5 38. Qd8+ Kh7 39. Qf8 Qf6
40. g3 c3 41. g4 c2 42. Qc5 Qa1+ 0-1

[Event "Stockerau-Open 2010 C-Turnier"]
[Site "Veranstaltungszentrum Z2000 -"]
[Date "2010.05.13"]
[Round "2"]
[White "Reiter, Theresia"]
[Black "Girnt, Karoly"]
[Result "1/2-1/2"]
[WhiteElo "1264"]
[BlackElo "1515"]
[PlyCount "118"]
[EventDate "2010.05.13"]

1. e4 c5 2. Nc3 d6 3. Nf3 g6 4. b3 Bg7 5. Bb2 a6 6. Rb1 b5 7. d3 Nc6 8. Be2 Nd4
9. O-O Nxe2+ 10. Nxe2 Bxb2 11. Rxb2 Bg4 12. Ng3 e6 13. h3 Bxf3 14. Qxf3 Qf6 15.
Qxf6 Nxf6 16. f3 Ke7 17. c3 a5 18. Rfb1 b4 19. c4 Nd7 20. f4 f6 21. Ra1 a4 22.
Kh2 Nb6 23. Ne2 axb3 24. Rxb3 Ra7 25. Nc1 Rha8 26. Rb2 Na4 27. Rb3 Nc3 28. Rb2
Ra3 29. Rd2 b3 30. Rb2 Nxa2 31. Nxa2 bxa2 32. Rb7+ Kf8 33. Rxh7 Kg8 34. Rb7
Rxd3 35. Rb6 e5 36. fxe5 fxe5 37. Rb2 Rd4 38. Rbxa2 Rxa2 39. Rxa2 Kf7 40. Ra7+
Kf6 41. Rd7 Ke6 42. Rg7 Rxe4 43. Rxg6+ Kd7 44. Rg7+ Kc6 45. Rg4 Rd4 46. Kg3 d5
47. Rg6+ Kd7 48. cxd5 c4 49. Rc6 Rxd5 50. Rxc4 Ke6 51. Kf3 Kf5 52. g4+ Kg5 53.
Ke4 Ra5 54. Rc3 Kh4 55. Rf3 Rb5 56. Rf5 Kxh3 57. g5 Kg4 58. Rxe5 Rxe5+ 59. Kxe5
Kxg5 1/2-1/2

[Event "Stockerau-Open 2010 C-Turnier"]
[Site "Veranstaltungszentrum Z2000 -"]
[Date "2010.05.13"]
[Round "2"]
[White "Gockner, Hans"]
[Black "Gruberbauer, Richard"]
[Result "1-0"]
[WhiteElo "1582"]
[BlackElo "1301"]
[PlyCount "91"]
[EventDate "2010.05.13"]

1. e4 c5 2. Nf3 Nc6 3. d4 cxd4 4. c3 e5 5. Bc4 Bc5 6. Qb3 Qe7 7. Bg5 Nf6 8. Bh4
Na5 9. Qa4 Nxc4 10. Qxc4 h6 11. O-O g5 12. Bg3 d6 13. Qd3 Bd7 14. Nbd2 a6 15.
a4 Bc6 16. b4 Ba7 17. cxd4 exd4 18. Nxd4 Bxd4 19. Qxd4 Rd8 20. Rfe1 O-O 21. f3
Nh5 22. Bf2 Nf4 23. Re3 f6 24. Qb6 Ra8 25. Nb3 Qe5 26. Rae1 Bxa4 27. Nd4 Rab8
28. Nf5 h5 29. Qc7 Ne6 30. Ne7+ Kf7 31. Qa5 Bd7 32. Nd5 h4 33. Qa2 Kg6 34. Ne7+
Kh5 35. g3 hxg3 36. hxg3 Nf4 37. gxf4 gxf4 38. Rd3 Qxe7 39. Rd5+ Kh6 40. Bd4
Rg8+ 41. Kf2 Qg7 42. Rh1+ Kg6 43. Rg1+ Kf7 44. Rxg7+ Rxg7 45. Rxd6+ Ke7 46.
Bxf6+ 1-0

[Event "Stockerau-Open 2010 C-Turnier"]
[Site "Veranstaltungszentrum Z2000 -"]
[Date "2010.05.13"]
[Round "2"]
[White "Hetfleis, Enrico"]
[Black "Sauer, Thomas"]
[Result "1/2-1/2"]
[WhiteElo "1512"]
[BlackElo "1403"]
[PlyCount "51"]
[EventDate "2010.05.13"]

1. Nf3 d5 2. e3 Nf6 3. b3 e6 4. Bb2 Nbd7 5. d4 a6 6. Be2 Be7 7. Nbd2 c5 8. O-O
O-O 9. Ne5 Qc7 10. Ndf3 h6 11. Rc1 b5 12. c4 dxc4 13. bxc4 Qb7 14. Qc2 Rd8 15.
Rfd1 bxc4 16. Nxc4 Qc7 17. Nce5 Bb7 18. Nxd7 Nxd7 19. dxc5 Qxc5 20. Bd4 Qxc2
21. Rxc2 Rac8 22. Rdc1 Rxc2 23. Rxc2 Rc8 24. Rxc8+ Bxc8 25. Ne5 Nxe5 26. Bxe5
1/2-1/2

[Event "Stockerau-Open 2010 C-Turnier"]
[Site "Veranstaltungszentrum Z2000 -"]
[Date "2010.05.13"]
[Round "2"]
[White "Blauensteiner, Christian"]
[Black "Gindl, Josef"]
[Result "0-1"]
[WhiteElo "1310"]
[BlackElo "1588"]
[PlyCount "146"]
[EventDate "2010.05.13"]

1. e4 e5 2. Nf3 Nc6 3. Bc4 Bc5 4. O-O Nf6 5. d3 O-O 6. Nc3 d6 7. Nd5 Nxd5 8.
Bxd5 Nb4 9. Bb3 Qf6 10. Bg5 Qg6 11. a3 Nc6 12. Qd2 h6 13. Nh4 Qh5 14. Be7 Nxe7
15. Nf3 Bh3 16. Ne1 Qg6 17. a4 Kh8 18. Bc4 f5 19. b4 Bd4 20. c3 Bxc3 21. Qxc3
fxe4 22. dxe4 Bd7 23. Bd3 c6 24. h3 Bxh3 25. Be2 Be6 26. Qd2 Rad8 27. Qe3 Ra8
28. Nf3 Qh5 29. Bd1 Qf7 30. Be2 Bc4 31. Rad1 Bxe2 32. Qxe2 Rad8 33. Qe3 b6 34.
a5 bxa5 35. bxa5 Rd7 36. Nxe5 Qe6 37. Nxd7 Qxd7 38. Rd3 d5 39. Qd4 Rd8 40. Rg3
Ng8 41. e5 Qc7 42. a6 c5 43. Qg4 Qxe5 44. Re3 Qd6 45. Re6 Qd7 46. Rfe1 c4 47.
Qd4 Rf8 48. R6e5 Rd8 49. R1e3 Kh7 50. Rf3 Nf6 51. Ref5 Qc7 52. g4 Rd6 53. g5
hxg5 54. Rxg5 Qb6 55. Rfg3 Qxd4 56. Rxg7+ Kh8 57. R7g5 Qh4 58. Kg2 Qe4+ 59. Kh2
d4 60. Rh3+ Nh7 61. Rc5 Qf4+ 62. Kg2 Rg6+ 63. Rg3 Rxg3+ 64. fxg3 Qe4+ 65. Kh3
d3 66. Rc8+ Kg7 67. Rc7+ Kg6 68. Rxa7 Qe6+ 69. g4 d2 70. Rc7 d1=Q 71. a7 Qd3+
72. Kh4 Qf6+ 73. g5 Qxg5# 0-1

[Event "Stockerau-Open 2010 C-Turnier"]
[Site "Veranstaltungszentrum Z2000 -"]
[Date "2010.05.13"]
[Round "2"]
[White "Van, Baaren Matthias"]
[Black "Krueckel, Franz"]
[Result "0-1"]
[WhiteElo "1200"]
[BlackElo "1505"]
[PlyCount "106"]
[EventDate "2010.05.13"]

1. d4 Nf6 2. c4 e5 3. d5 Bb4+ 4. Bd2 Bxd2+ 5. Qxd2 d6 6. Nc3 O-O 7. e4 Nbd7 8.
Be2 Nc5 9. Qc2 Ng4 10. h3 Nh6 11. b4 Nd7 12. Qd3 a5 13. b5 Nc5 14. Qe3 f5 15.
f4 Qh4+ 16. g3 exf4 17. Qxf4 Qxf4 18. gxf4 fxe4 19. O-O-O Rxf4 20. Rf1 Rxf1+
21. Bxf1 Nf5 22. Be2 Ng3 23. Rh2 Bf5 24. Rg2 Nxe2+ 25. Ngxe2 Re8 26. Nf4 Nd3+
27. Nxd3 exd3 28. h4 Be4 29. Rg4 Bf5 30. Rg2 Re1+ 31. Kd2 Rh1 32. Rf2 Bg6 33.
Ke3 Rxh4 34. Rf4 Rxf4 35. Kxf4 Kf7 36. Ke3 Kf6 37. Nd1 h5 38. Nf2 Bf5 39. Kd2
g5 40. Nh1 h4 41. Nf2 Ke5 42. Ke1 Kd4 43. Kf1 g4 44. Kg2 Ke3 45. Nd1+ Kd2 46.
Nf2 Kc2 47. a4 d2 48. c5 d1=Q 49. Nxd1 Kxd1 50. c6 b6 51. Kh2 Bc2 52. Kh1 Bxa4
53. Kg2 Bxb5 0-1

[Event "Stockerau-Open 2010 C-Turnier"]
[Site "Veranstaltungszentrum Z2000 -"]
[Date "2010.05.13"]
[Round "2"]
[White "Weiss, Arnold"]
[Black "Schlager, Florian"]
[Result "0-1"]
[WhiteElo "1396"]
[BlackElo "1314"]
[PlyCount "106"]
[EventDate "2010.05.13"]

1. d4 d5 2. c4 c6 3. Nc3 e6 4. Bf4 Bd6 5. Bxd6 Qxd6 6. c5 Qd8 7. e3 b6 8. b4
Ba6 9. b5 cxb5 10. Nxb5 Bxb5 11. Bxb5+ Ke7 12. Nf3 bxc5 13. O-O c4 14. Ne5 Qc7
15. Qf3 Nf6 16. Bxc4 Nbd7 17. Nxd7 Qxd7 18. Bd3 Rhc8 19. Rab1 Rc3 20. Qe2 Rac8
21. Ba6 R8c7 22. Qb2 Ne4 23. h3 Rc2 24. Qb4+ Qd6 25. Qxd6+ Kxd6 26. Ra1 R2c3
27. a4 Nd2 28. Rfd1 Rc2 29. Bd3 Rb2 30. Bb5 Ne4 31. Rf1 a5 32. Bd3 e5 33. dxe5+
Kxe5 34. Bxe4 Kxe4 35. Rfc1 Rcc2 36. Rxc2 Rxc2 37. Kf1 Kd3 38. Rd1+ Rd2 39. Ke1
Rxd1+ 40. Kxd1 Kc3 41. Kc1 Kb3 42. Kd2 Kxa4 43. Kc3 Ka3 44. f4 Ka2 45. Kc2 a4
46. g3 h5 47. g4 h4 48. g5 Ka3 49. Kc3 Ka2 50. Kc2 Ka1 51. Kc1 g6 52. Kc2 Ka2
53. Kc3 Kb1 0-1

[Event "Stockerau-Open 2010 C-Turnier"]
[Site "Veranstaltungszentrum Z2000 -"]
[Date "2010.05.13"]
[Round "2"]
[White "Molnar, Bertalan"]
[Black "Schlager, Friedrich"]
[Result "1-0"]
[WhiteElo "1353"]
[BlackElo "1200"]
[PlyCount "95"]
[EventDate "2010.05.13"]

1. d3 d6 2. g3 e5 3. Bg2 Be6 4. Bxb7 c6 5. Bxa8 Bd5 6. Nf3 Nd7 7. Bb7 Nc5 8. e4
Be6 9. Bxc6+ Bd7 10. Bxd7+ Qxd7 11. Nc3 g6 12. Nd5 Bg7 13. Be3 Nf6 14. Nxf6+
Bxf6 15. Bxc5 dxc5 16. Qd2 Be7 17. O-O-O O-O 18. Kb1 f6 19. h4 Rb8 20. h5 g5
21. Qc3 Qg4 22. Qc4+ Kf8 23. Nd2 h6 24. Nb3 Qc8 25. Rhf1 Rb4 26. Qd5 c4 27. Na5
c3 28. b3 Rb6 29. f4 Rd6 30. Qc4 Qxc4 31. Nxc4 Rc6 32. fxe5 Ke8 33. exf6 Bxf6
34. e5 Be7 35. Rfe1 a6 36. Nd6+ Kd7 37. Nf5 a5 38. Nxe7 Kxe7 39. Re2 Rb6 40. a4
Rb4 41. e6 Rg4 42. Re3 Rd4 43. Rf1 Rd6 44. Rf7+ Kd8 45. e7+ Kc7 46. e8=Q+ Rd7
47. Qxd7+ Kb6 48. Qb5# 1-0

[Event "Stockerau-Open 2010 C-Turnier"]
[Site "Veranstaltungszentrum Z2000 -"]
[Date "2010.05.14"]
[Round "3"]
[White "Infuehr, Jakob"]
[Black "De, Leon Angelica"]
[Result "1/2-1/2"]
[WhiteElo "1567"]
[BlackElo "1536"]
[PlyCount "82"]
[EventDate "2010.05.13"]

1. e4 e5 2. Nf3 Nc6 3. Bc4 Bc5 4. O-O d6 5. h3 Be6 6. Bxe6 fxe6 7. Re1 Nf6 8.
a3 O-O 9. c3 Qe8 10. a4 a6 11. b4 Ba7 12. Qb3 b5 13. Bb2 Nh5 14. d4 Qg6 15. Kh2
Nf4 16. Nh4 Qg5 17. g3 Nd3 18. Qxe6+ Rf7 19. Re2 Raf8 20. Nd2 Qf6 21. Qxf6 Rxf6
22. Ndf3 Nxb2 23. Rxb2 exd4 24. axb5 dxc3 25. Rc2 axb5 26. Rxc3 Bd4 27. Nxd4
Rxf2+ 28. Kh1 Nxd4 29. Rxc7 Nc2 30. Rb1 Nd4 31. Rd7 g5 32. Nf5 Nf3 33. Nh6+ Kh8
34. Ng4 Nd2 35. Nxf2 Nxb1 36. Kg2 Rf6 37. Ng4 Re6 38. Nf2 Nc3 39. Kf3 Rf6+ 40.
Ke3 h5 41. Rc7 Na4 1/2-1/2

[Event "Stockerau-Open 2010 C-Turnier"]
[Site "Veranstaltungszentrum Z2000 -"]
[Date "2010.05.14"]
[Round "3"]
[White "Engelke, Tobias"]
[Black "Gockner, Hans"]
[Result "0-1"]
[WhiteElo "1446"]
[BlackElo "1582"]
[PlyCount "90"]
[EventDate "2010.05.13"]

1. e4 e5 2. Nf3 Nc6 3. Bb5 d6 4. d4 exd4 5. Qxd4 Bd7 6. Bxc6 Bxc6 7. Nc3 Nf6 8.
Bg5 Be7 9. O-O-O O-O 10. e5 dxe5 11. Qxe5 Bd6 12. Qf5 Bd7 13. Qd3 h6 14. Bh4
Be6 15. Bg3 Qb8 16. Bxd6 cxd6 17. Qxd6 Qc8 18. h3 b6 19. g4 Qa6 20. Kb1 Rac8
21. Qe5 Rfe8 22. Qd4 Rxc3 23. bxc3 Bxa2+ 24. Kb2 Be6 25. Ra1 Qb5+ 26. Kc1 Bd5
27. c4 Bxc4 28. Nd2 Qc6 29. Rg1 Be6 30. f4 Rc8 31. Qb2 Nd5 32. Ra3 Nb4 33. Kb1
Qc5 34. Rc1 a5 35. Ne4 Qe7 36. Qd4 Nxc2 37. Rxc2 Rxc2 38. Kxc2 Qxa3 39. Qxb6
Qa4+ 40. Kd3 Qd1+ 41. Ke3 a4 42. Qb2 Qg1+ 43. Kf3 Qh1+ 44. Qg2 Qxg2+ 45. Kxg2
Bd5 0-1

[Event "Stockerau-Open 2010 C-Turnier"]
[Site "Veranstaltungszentrum Z2000 -"]
[Date "2010.05.14"]
[Round "3"]
[White "Girnt, Karoly"]
[Black "Schmied, Kurt"]
[Result "1-0"]
[WhiteElo "1515"]
[BlackElo "1548"]
[PlyCount "82"]
[EventDate "2010.05.13"]

1. e4 c5 2. Nf3 Nc6 3. d4 cxd4 4. Nxd4 e6 5. Nxc6 bxc6 6. b3 Qf6 7. c3 Bc5 8.
Qd2 Qh4 9. Qf4 Qf6 10. e5 Qxf4 11. Bxf4 Ne7 12. Nd2 Nd5 13. Bg3 Nxc3 14. Rc1
Bd4 15. Nf3 c5 16. Rc2 Ne4 17. Nxd4 cxd4 18. Rc4 Nc3 19. Rxd4 Nxa2 20. Bh4 Nc3
21. Kd2 Nd5 22. Bc4 Bb7 23. f3 h6 24. Ra1 O-O 25. Ba6 Rfb8 26. Bc4 g5 27. Bf2
Kf8 28. h4 Ke8 29. hxg5 hxg5 30. Rg4 Nf4 31. Rxg5 Ng6 32. Bd3 Ne7 33. Rh5 Ng6
34. Bxg6 fxg6 35. Rh8+ Kf7 36. Rh7+ Ke8 37. Rg7 Bd5 38. Rh1 Kd8 39. Kc3 Rc8+
40. Kb2 Kc7 41. Rxg6 Rg8 {Rest nicht nachvollziehbar. Partie endet im 44.Zug}
1-0

[Event "Stockerau-Open 2010 C-Turnier"]
[Site "Veranstaltungszentrum Z2000 -"]
[Date "2010.05.14"]
[Round "3"]
[White "Schmied, Josef"]
[Black "Reiter, Theresia"]
[Result "1/2-1/2"]
[WhiteElo "1495"]
[BlackElo "1264"]
[PlyCount "55"]
[EventDate "2010.05.13"]

1. e4 e5 2. Nf3 Nc6 3. c3 Nf6 4. d3 h6 5. Be2 d6 6. O-O Be6 7. Nbd2 Be7 8. c4
O-O 9. Re1 Qd7 10. Nf1 Nh7 11. Ng3 Bg4 12. h3 Bxf3 13. Bxf3 Bg5 14. Bg4 Qd8 15.
Nf5 Qf6 16. a3 Qg6 17. Bh5 Qf6 18. Be2 Bxc1 19. Rxc1 Ng5 20. b4 Ne6 21. Bf1
Ncd4 22. Nxd4 Nxd4 23. Re3 Qe6 24. Qg4 Qxg4 25. hxg4 b6 26. Rh3 f6 27. Re3 c5
28. b5 1/2-1/2

[Event "Stockerau-Open 2010 C-Turnier"]
[Site "Veranstaltungszentrum Z2000 -"]
[Date "2010.05.14"]
[Round "3"]
[White "Gindl, Josef"]
[Black "Molnar, Bertalan"]
[Result "0-1"]
[WhiteElo "1588"]
[BlackElo "1353"]
[PlyCount "74"]
[EventDate "2010.05.13"]

1. d4 d6 2. c4 g6 3. Nf3 Bg7 4. e3 Nf6 5. Bd3 O-O 6. O-O c6 7. Nc3 Nbd7 8. Bd2
Qc7 9. Rc1 e5 10. Ne4 Nxe4 11. Bxe4 Nf6 12. Bc2 Be6 13. Bb3 Ne4 14. d5 Bg4 15.
Qc2 Bxf3 16. gxf3 Nxd2 17. Qxd2 c5 18. e4 Qe7 19. Kh1 Qh4 20. Rg1 Bh6 21. Qe2
Bf4 22. Rg2 Bxc1 23. Rg4 Qh6 24. Kg2 Bf4 25. h3 Qg7 26. Kf1 h5 27. Rg2 Qf6 28.
Rg1 Qh4 29. Rh1 Kh8 30. Ke1 Rg8 31. Qf1 a6 32. Bc2 Rab8 33. Ke2 b5 34. Kd3
bxc4+ 35. Kc3 Rb6 36. Qxc4 Qxf2 37. Qf1 Qd4# 0-1

[Event "Stockerau-Open 2010 C-Turnier"]
[Site "Veranstaltungszentrum Z2000 -"]
[Date "2010.05.14"]
[Round "3"]
[White "Nutz, Helmut"]
[Black "Hetfleis, Enrico"]
[Result "1-0"]
[WhiteElo "1393"]
[BlackElo "1512"]
[PlyCount "25"]
[EventDate "2010.05.13"]

1. d4 d5 2. Nf3 Nf6 3. e3 Bg4 4. h3 Bh5 5. g4 Bg6 6. Ne5 Nbd7 7. h4 h5 8. Nxg6
fxg6 9. Bd3 Kf7 10. g5 Ne4 11. Qf3+ Kg8 12. Bxe4 dxe4 13. Qxe4 1-0